| 000 | 00857nam a2200289Ia 4500 | ||
|---|---|---|---|
| 001 | Para_3251 | ||
| 003 | CHAP | ||
| 008 | 220125s197 xx 000 0 und d | ||
| 010 | _a201713 | ||
| 040 | _cCHAP | ||
| 082 | _aPA 631.0913 I5 | ||
| 110 |
_aInternational Crops Research Institute for the Semi-Arid Tropicos _9166641 |
||
| 245 |
_aAnnual report / _c by ICRISAT |
||
| 260 |
_aHyderabad : _b ICRISAT |
||
| 300 | _av | ||
| 500 | _aLa biblioteca tiene : 1976-77 -- 1977-78 -- 1979-80 -- 1981 | ||
| 650 |
_aAgricultura _x investigación _x trópicos _91686 |
||
| 650 |
_aAgricultura _x trópicos _91888 |
||
| 650 |
_aCultivos tropicales _930383 |
||
| 901 | _aPA 631.0913 I5 | ||
| 902 | _aA | ||
| 905 | _a000000197 -19 VERa 0000000000 00 | ||
| 910 | _a197 | ||
| 942 | _cPARA | ||
| 942 |
_cPARA _d1 |
||
| 999 |
_c201713 _d201713 |
||